| 000 | 00477nam a2200217Ia 4500 | ||
|---|---|---|---|
| 003 | OST | ||
| 005 | 20240606080859.0 | ||
| 008 | 150730s9999 xx 000 0 und d | ||
| 020 | _a9780582353879 | ||
| 040 | _cMRUC | ||
| 050 | _aQA37.2.P78 1985 | ||
| 100 | _aBackhouse | ||
| 245 | _aPure Mathematics 2 | ||
| 250 | _a3 | ||
| 264 | _aLondon | ||
| 264 | _bLongman | ||
| 264 | _c1985 | ||
| 650 | _aMathematics | ||
| 942 |
_2lcc _cBK |
||
| 999 |
_c2669 _d2669 |
||